Correspondance
Saved in:
| 主要作者: | |
|---|---|
| 格式: | 圖書 |
| 語言: | 法语 |
| 出版: |
París
Gallimard
1967
|
| 叢編: | Classiques de la Philosophie
|
| 主題: | |
| 標簽: |
添加標簽
沒有標簽, 成為第一個標記此記錄!
|
MARC
| LEADER | 00000nam a2200000 a 4500 | ||
|---|---|---|---|
| 001 | UCZ4698 | ||
| 003 | CL-VaPUC | ||
| 008 | 951110e19670000FR |||||||||||||||||fre|d | ||
| 082 | 0 | 4 | |a 141 |b HEG |2 21 |
| 100 | |a Hegel, Georg Wilhelm Friedrich |e autor |9 580639 | ||
| 245 | 1 | 0 | |a Correspondance |
| 300 | |a v | ||
| 942 | |c BK | ||
| 945 | |d 19951110 00:00:00 |a lriquelm | ||
| 260 | |a París |b Gallimard |c 1967 | ||
| 500 | |a v.3: 1823-1831 | ||
| 650 | 0 | |a Idealismo |9 265685 | |
| 650 | 0 | |a Filosofía alemana |9 265002 | |
| 650 | 0 | |a Escuelas filosóficas |9 266232 | |
| 650 | 0 | |a Correspondencia |9 258963 | |
| 583 | |a last modification |c 19951110 00:00:00 |k Rodrigo Vera | ||
| 490 | 0 | |a Classiques de la Philosophie | |
| 999 | |c 241065 |d 241063 | ||
| 952 | |0 0 |1 0 |4 0 |6 141_000000000000000_HEG_1967 |7 0 |8 P |9 253215 |a BIBEDU |b BIBEDU |c BIBEDU_PB |d 2019-11-19 |h v.3 |i 159740K |o 141 HEG 1967 |p 159740K |r 2024-01-25 |w 2019-11-19 |y BK |k FIL | ||